The Calendar of modern letters.

Bibliographic Details
New Title:Calendar (London, England : 1926)
Other Authors: Rickword, Edgell, 1898-1982
Format: Journal
Language:English
Published: [London] : [Calendar Press], [1925-1926]
Subjects:

MARC

Tag First Indicator Second Indicator Subfields
LEADER 00000cas a2200000 a 4500
001 in00002669821
005 20151202120418.0
008 800528d19251926enkmr p 0 0eng d
010 |a sn 87021735  
029 1 |a NLGGC  |b 044683332 
029 1 |a AU@  |b 000020075083 
035 |a (OCoLC)ocm06363728 
035 |a (OCoLC)6363728 
040 |a PIT  |c PIT  |d OCL  |d NYS  |d IUL  |d DLC  |d OCLCQ  |d DLC  |d OCLCG  |d OCLCA  |d UtOrBLW 
042 |a lcd 
049 |a TXAM 
050 4 |a AP4  |b .C19 
245 0 4 |a The Calendar of modern letters. 
264 1 |a [London] :  |b [Calendar Press],  |c [1925-1926] 
300 |a 2 volumes ;  |c 24 cm. 
310 |a Monthly 
336 |a text  |b txt  |2 rdacontent 
337 |a unmediated  |b n  |2 rdamedia 
338 |a volume  |b nc  |2 rdacarrier 
362 0 |a Vol. 1, no. 1 (Mar. 1925)-v. 2, no. 12 (Feb. 1926). 
500 |a Title from cover. 
500 |a Edited by Edgell Rickwood and others. 
500 |a References: Hoffman, Allen & Ulrich. The little magazine, 382. 
650 0 |a English literature  |v Periodicals. 
650 0 |a English literature  |x History and criticism  |v Periodicals. 
700 1 |a Rickword, Edgell,  |d 1898-1982. 
785 0 0 |t Calendar (London, England : 1926)  |w (DLC)sn 87021734  |w (OCoLC)6351607 
850 |a InU 
994 |a C0  |b TXA 
948 |a cataloged  |b h  |c 2011/4/1  |d c  |e nbehmer  |f 10:04:49 am 
999 |a MARS 
999 f f |s 119d4873-7f11-34f0-85da-4c65143494fb  |i e3916c30-0e4a-3943-bacd-3f105208ef68  |t 0 
952 f f |p noncirc  |a Texas A&M University  |b College Station  |c Cushing Memorial Library & Archives  |d Cushing: Literature/Forster (Does not check out)  |t 0  |e AP4 .C19  |h Library of Congress classification  |i unmediated -- volume  |m A14851948258 
998 f f |a AP4 .C19  |s v.2:no.9 (1925:Nov.)  |t 0  |l Cushing: Literature/Forster (Does not check out)